| 000 | 03271cam a2200757 i 4500 | ||
|---|---|---|---|
| 001 | 2258 | ||
| 005 | 20231114084556.0 | ||
| 020 | _a9780807565162 | ||
| 020 | _a9780807565353 | ||
| 040 |
_aTOH _beng _cTOH _erda _dGO9 _dOQX _dOCLCF _dYDX _dBDX _dVAX _dJTH _dNYP _dNXA _dOCL _dOCLCO _dVVW _dTXSCH _dSLPLM _dILC _dMCT _dOPW _dOCLCO _dTDS _dOCLCO _dILC _dOCLCQ _dCHY _dOCL _dDLC |
||
| 050 | 0 | 0 |
_aPZ7.W244 _bPia 2021 |
| 082 | 0 | 0 |
_a813.54 _223 |
| 100 | 1 |
_aWarner, Gertrude Chandler _d1890-1979 _ecreator |
|
| 245 | 1 | 4 |
_aThe pizza mystery / _cCREATED BY GERTRUDE CHANDLER WARNER |
| 260 |
_aChicago : _bAlbert Whitman & Company, _c1993 |
||
| 300 |
_a108 pages : _billustrations _c19 cm |
||
| 490 | 1 | _aThe Boxcar children | |
| 490 | 1 | _aTime to read. Level 2 | |
| 505 | _aK | ||
| 520 | _aWhen their favorite pizza restaurant almost goes out of business, the Alden children try to help their friends stay open while they find out who is behind all their problems. | ||
| 521 |
_a520 _bLexile |
||
| 521 |
_aK _bRaz-Plus |
||
| 650 | 0 |
_aBoxcar children (Fictitious characters) _vJuvenile fiction. |
|
| 650 | 0 |
_aOrphans _vJuvenile fiction. |
|
| 650 | 0 |
_aFamilies _vJuvenile fiction. |
|
| 650 | 0 |
_aPizza _vJuvenile fiction. |
|
| 650 | 0 |
_aElectric power failures _vJuvenile fiction. |
|
| 650 | 0 |
_aFriendship _vJuvenile fiction. |
|
| 650 | 0 |
_aChild detectives _vJuvenile fiction. |
|
| 650 | 0 |
_aSiblings _vJuvenile fiction. |
|
| 650 | 0 |
_aRestaurants _vJuvenile fiction. |
|
| 650 | 1 |
_aBoxcar children (Fictitious characters) _vFiction. |
|
| 650 | 1 |
_aOrphans _vFiction. |
|
| 650 | 1 |
_aSiblings _vFiction. |
|
| 650 | 1 |
_aPizza _vFiction. |
|
| 650 | 1 |
_aRestaurants _vFiction. |
|
| 650 | 7 |
_aJUVENILE FICTION _xAction & Adventure _xGeneral. _2bisacsh |
|
| 650 | 7 |
_aJUVENILE FICTION _xMysteries & Detective Stories. _2bisacsh |
|
| 650 | 7 |
_aJUVENILE FICTION _xReaders _xBeginner. _2bisacsh |
|
| 650 | 7 |
_aSiblings. _2fast _0(OCoLC)fst00839671 |
|
| 650 | 7 |
_aRestaurants. _2fast _0(OCoLC)fst01095907 |
|
| 650 | 7 |
_aFriendship. _2fast _0(OCoLC)fst00935174 |
|
| 650 | 7 |
_aElectric power failures. _2fast _0(OCoLC)fst00905465 |
|
| 650 | 7 |
_aChild detectives. _2fast _0(OCoLC)fst01893205 |
|
| 650 | 7 |
_aBoxcar children (Fictitious characters) _2fast _0(OCoLC)fst00837272 |
|
| 650 | 7 |
_aFamilies. _2fast _0(OCoLC)fst01728849 |
|
| 650 | 7 |
_aOrphans. _2fast _0(OCoLC)fst01048433 |
|
| 650 | 7 |
_aPizza. _2fast _0(OCoLC)fst01064969 |
|
| 650 | 7 |
_aBoxcar children (Fictitious characters) _vJuvenile fiction. _2sears |
|
| 650 | 7 |
_aOrphans _vJuvenile fiction. _2sears |
|
| 650 | 7 |
_aFamily _vJuvenile fiction. _2sears |
|
| 650 | 7 |
_aPizza _vJuvenile fiction. _2sears |
|
| 650 | 7 |
_aBoxcar children (Fictitious characters) _vFiction. _2sears |
|
| 650 | 7 |
_aOrphans _vFiction. _2sears |
|
| 650 | 7 |
_aPizza _vFiction. _2sears |
|
| 655 | 1 | _aMystery and detective stories. | |
| 655 | 7 |
_aDetective and mystery fiction. _2lcgft |
|
| 655 | 7 |
_aReaders (Publications) _2lcgft |
|
| 655 | 7 |
_aDetective and mystery fiction. _2fast _0(OCoLC)fst01726581 |
|
| 655 | 7 |
_aFiction. _2fast _0(OCoLC)fst01423787 |
|
| 655 | 7 |
_aJuvenile works. _2fast _0(OCoLC)fst01411637 |
|
| 655 | 7 |
_aReaders (Publications) _2fast _0(OCoLC)fst01919959 |
|
| 700 | 1 |
_aTang, Charles _eillustrator |
|
| 906 |
_a7 _bcbc _ccopycat _d2 _encip _f20 _gy-gencatlg |
||
| 942 |
_2ddc _cBK _n0 |
||
| 999 |
_c2258 _d2258 |
||